000 00547npc a2200205Ia 4500
001 dg53-2731 [d000002870]
003 IT-MiCISF
008 161014s9999||||xx | und||
040 _aIT-MiCISF
_cIT-MiCISF
041 _ait
100 _aInnocenti Paola (a cura di)
245 0 _aPaolo Liggeri arrivederci...
250 _a1a ed.
260 _a Milano
_bIstituto La casa
_c1997
300 _app. 126
500 _a / consultori, operatori, storia /
650 _aconsulenza-familiare
942 _cDD
957 _71
999 _a2731
_bsi
_g1
_c207403
_d207403